Dynamical systems and population persistence / (Record no. 101257)

MARC details
000 -LEADER
fixed length control field 00840nam a22002297a 4500
005 - DATE AND TIME OF LATEST TRANSACTION
control field 20160713124725.0
010 ## - LCCN (DPL NO)
LC control number ENG-115414
020 ## - INTERNATIONAL STANDARD BOOK NUMBER
International Standard Book Number 9781470425616
Terms of availability 1140.00
020 ## - INTERNATIONAL STANDARD BOOK NUMBER
International Standard Book Number 9871470425616
Terms of availability 1140.00
035 ## - SYSTEM CONTROL NUMBER
System control number EN-98946
037 ## - SOURCE OF ACQUISITION
Source of stock number/acquisition DBAD/PUB
082 ## - DEWEY DECIMAL CLASSIFICATION NUMBER
Classification number 577.880151539
100 ## - MAIN ENTRY--PERSONAL NAME
Personal name Smith,Hal L.
245 ## - TITLE STATEMENT
Title Dynamical systems and population persistence /
Remainder of title by Hal L. Smith [and] Horst R. Thieme
260 ## - PUBLICATION, DISTRIBUTION, ETC. (IMPRINT)
Place of publication, distribution, etc Rhode Island
Name of publisher, distributor, etc American Mathematical Society
Date of publication, distribution, etc 2016
270 ## - ADDRESS
Address Distributed by-Universties Press,3-6-747/1/A & 3-6 754/1,Himayatnagar
City Hyderabad (Telagana)
Postal code 500029
300 ## - PHYSICAL DESCRIPTION
Extent xvii,405p.
Dimensions 24cm(pbk)
490 ## - SERIES STATEMENT
Series statement Vols-118 ; Graduate studies in Mathematics
500 ## - GENERAL NOTE
General note Includes bibliographical references and Index
700 ## - ADDED ENTRY--PERSONAL NAME
Personal name Thieme Horst R.
942 ## - ADDED ENTRY ELEMENTS (KOHA)
Source of classification or shelving scheme Dewey Decimal Classification
Item type English Books
Classification part 577.880151539
Call number suffix SMI
Holdings
Withdrawn status Lost status Not for loan Collection code Home library Current library Date acquired Source of acquisition Cost, normal purchase price Full call number Barcode Copy number Cost, replacement price Koha item type
    Not For Loan Non-fiction D.B.Act.Division Bawana 12/07/2016 DBAD/PUB 1140.00 577.880151539 SMI EN-98946 1 1140.00 English Books

© Delhi Public Library
Hit Counter
free hit counter